Sports Quiz

Random Sports or Football Quiz
Score 0/28 Timer 05:00
1 Play Today
Team % Correct
Notre Dame
97.7%
Army
81.8%
Navy
81.6%
Penn State
62.2%
Miami
60.9%
Syracuse
51.6%
Boston College
51.1%
Pittsburgh
50.7%
Rutgers
50%
Virginia Tech
45.9%
West Virginia
44.3%
Louisville
44%
Florida State
41.4%
Temple
38.1%
Team % Correct
Cincinnati
36.3%
Memphis
32.6%
South Carolina
32.4%
Tulane
30.6%
UNLV
21.6%
East Carolina
21.4%
Southern Mississippi
18.2%
Villanova
15.9%
North Texas
9.9%
Colgate
5.4%
Holy Cross
5.2%
William and Mary
5.1%
Richmond
5%
Illinois State
4%

You're not logged in!

Compare scores with friends on all Sporcle quizzes.
OR
Log In

Sporcle TV

Today on Sporcle TV


Watch our educational content, quiz creation guides, and fun videos on Sporcle TV.

Show Comments

Extras

Top Quizzes Today


Score Distribution

Paid Content

Your Account Isn't Verified!

In order to create a playlist on Sporcle, you need to verify the email address you used during registration. Go to your Sporcle Settings to finish the process.

Report this User

Report this user for behavior that violates our Community Guidelines.

Details: